| 000 | 00370nam a22001457a 4500 | ||
|---|---|---|---|
| 005 | 20150415145943.0 | ||
| 008 | 150415b xxu||||| |||| 00| 0 eng d | ||
| 040 | _cPK-LaUMT | ||
| 082 |
_aKHC 954.035 _bWAH-T |
||
| 100 | _aWaheed-Uz-Zaman | ||
| 245 |
_aTowards Pakistan _cWaheed-Uz-Zaman |
||
| 260 |
_aLahore _bPublishers United _c1978 |
||
| 300 | _a252 p. | ||
| 942 | _cBK | ||
| 999 |
_c69922 _d69922 |
||